|
|
|
|
| LEADER |
00896nam a2200241 a 4500 |
| 001 |
3626149 |
| 008 |
090909s1979 fr a 001 0 eng d |
| 010 |
|
|
|a 74150700
|
| 020 |
|
|
|a 8173712018
|
| 040 |
|
|
|a DLC
|c DLC
|d DLC
|
| 082 |
0 |
0 |
|a 507
|2 18
|
| 110 |
2 |
|
|a Unesco.
|
| 245 |
1 |
0 |
|a New Unesco source book for science teaching.
|
| 260 |
|
|
|a Paris,
|b Unesco, ;
|a Hyderabad, India :
|b University press
|c 1979.
|
| 300 |
|
|
|a 270 p.
|b illus., fold. col. map.
|c 24 cm.
|
| 541 |
1 |
|
|e 00011511
|
| 650 |
|
0 |
|a Science
|x Study and teaching.
|
| 650 |
|
0 |
|a Science
|x Experiments
|x Juvenile literature.
|
| 740 |
|
|
|a Unesco source book for science teaching.
|
| 740 |
|
|
|a Source book for science teaching.
|
| 852 |
4 |
|
|a Ayesha Abed Library
|j General shelf
|
| 999 |
|
|
|c 8433
|d 8433
|
| 952 |
|
|
|0 0
|1 0
|2 ddc
|4 0
|6 507_NEW_197900000000000
|7 0
|9 9899
|a BRACUL
|b BRACUL
|c GEN
|d 2010-05-06
|l 0
|o 507 NEW
|p 3010011511
|r 2010-05-06
|t 1
|w 2010-05-06
|y BK
|